000 00965nam a2200241Ia 4500
999 _c37914
_d37914
001 3892
003 GE_BSU
005 20190820161249.0
008 181216s1967||||ge |||||||||||||| ||geo||
040 _cGE_BSU
041 _ageo
080 _a111 თ–40
100 _aთევზაძე, გურამ
_93696
245 _aნიკოლაი ჰარტმანის ონტოლოგიის კრიტიკა /
_cრედ. ნ. ბერძენიშვილი.
264 _aთბ. :
_bმეცნიერება,
_c1967.
300 _a240 გვ. ж
_b22 სმ.
520 _aრეზუმე რუს. და გერმ. ენ.
600 _aჰარტმანი ნიკოლაი
_93697
653 _aონტოლოგია
653 _aჰარტმანი ნიკოლაი
700 _a ბერძენიშვილი, ნ.
_eრედაქტორი
_93698
942 _cBK
_2udc